HTML: In easy steps (Record no. 167926)

000 -LEADER
fixed length control field 00345nam a2200133Ia 4500
008 - FIXED-LENGTH DATA ELEMENTS--GENERAL INFORMATION
fixed length control field 220217s9999||||xx |||||||||||||| ||und||
020 ## - INTERNATIONAL STANDARD BOOK NUMBER
International Standard Book Number 81-7722-002-0
082 ## - DEWEY DECIMAL CLASSIFICATION NUMBER
Classification number 004.6 HOL
100 ## - MAIN ENTRY--PERSONAL NAME
Personal name Holyer, Andy
9 (RLIN) 2011
245 #0 - TITLE STATEMENT
Title HTML: In easy steps
260 ## - PUBLICATION, DISTRIBUTION, ETC.
Place of publication, distribution, etc. Dreamtech press
Name of publisher, distributor, etc. New Delhi
Date of publication, distribution, etc. 2000
300 ## - PHYSICAL DESCRIPTION
Other physical details 79
650 ## - SUBJECT ADDED ENTRY--TOPICAL TERM
Topical term or geographic name entry element COMPUTER NETWORK
Holdings
Withdrawn status Lost status Damaged status Not for loan Collection code Home library Current library Shelving location Date acquired Total Checkouts Total Renewals Full call number Barcode Date last seen Date last checked out Price effective from Koha item type
        Artificial Intelligence and Machine Learning Central Library Central Library Book Cart 02/18/2022 2 2 004.6 HOL 3115 07/08/2022 05/28/2022 02/18/2022 Books

Powered by Koha